000 00737cam a2200253 4500
001 2646
003 BD-RjUL
005 20211208233608.0
008 131212s1972 mau 00| 0 eng d
020 _a0669613746
035 _a(BD-RjUL)2673
040 _aDLC
_cDLC
_dDLC
_beng
041 _aeng
082 0 0 _a331.89041371100973
_bANA 1972
100 1 _aAndree, Robert G.
_98542
245 1 4 _aThe art of negotiation: roles, games, logic /
_c[by] Robert G. Andree.
260 _aLexington, Mass.,
_bHeath Lexington Books
_c[1971]
300 _axi, 239 p.
_c23 cm.
504 _aBibliography: p. 221-235.
650 0 _aCollective bargaining
_xEducation.
_98543
942 _2ddc
_cBK
999 _c2646
_d2646